[Event "GER-chT U12"]
[Site "Verden"]
[Date "2014.12.29"]
[Round "6.4"]
[White "Ottmair, Clemens"]
[Black "Fidlin, Maximilian"]
[Result "0-1"]
[WhiteElo "1105"]
[BlackElo "1051"]
[PlyCount "44"]
[EventDate "2014.12.27"]
[EventType "team-swiss"]
[EventRounds "7"]
[EventCountry "GER"]
[SourceTitle "EXT 2016"]
[Source "ChessBase"]
[SourceDate "2015.10.08"]
[SourceVersion "1"]
[SourceVersionDate "2015.10.08"]
[SourceQuality "1"]
[WhiteTeam "Ergolding"]
[BlackTeam "Karlsruhe"]
[WhiteTeamCountry "GER"]
[BlackTeamCountry "GER"]

1. e4 e6 2. d4 d5 3. e5 c5 4. c3 Nc6 5. Nf3 Qb6 6. Bf4 Qxb2 7. Nbd2 Qxc3 8. Rc1 Qa5 9. Qc2 cxd4 10. Bd3 Nb4 11. Qb3 Bd7 12. Ra1 Ba4 13. Qb1 Rc8 14. Nxd4 Bc5 15. N4b3 Qb6 16. Nxc5 Qxc5 17. 0-0 Nxd3 18. Qxd3 Bb5 19. Qg3 Ne7 20. Rfc1 Qxc1+ 21. Rxc1 Rxc1+ 22. Nf1 Rxf1# 0-1